| 000 | 00852nam a2200205 a 4500 | ||
|---|---|---|---|
| 003 | 0 | ||
| 005 | 20250311154853.0 | ||
| 008 | 090709s19uu xx 00 eng d | ||
| 050 |
_aPHS LC 220.5 _b.Y51 2009 |
||
| 100 | _aYim, Han Na. | ||
| 245 |
_aInvolvement in creativity, action, service (CAS) activities and level of social responsibility of SISC grade 10 students / _cHan Na Yim. |
||
| 260 |
_aLas PiƱas City, Philippines : _bSouthville International School and Colleges, _c2009. |
||
| 300 |
_a41 pages : _billustrations ; _c28 cm. |
||
| 500 | _aMost Outstanding Descriptive PASS Research | ||
| 504 | _aIncludes bibliographical references. | ||
| 650 |
_aService learning _xStudy and teaching (Secondary). |
||
| 650 |
_aSocial responsibility _xStudy and teaching (Secondary). |
||
| 650 |
_aStudent activities _xSocial aspects. |
||
| 942 |
_2lcc _cPASS |
||
| 999 |
_c98282 _d98282 |
||